Bagusnya remaja ini

Bibliographic Details
Main Author: Mohd Radziq Jalaludin
Format: Book
Published: Bentong : PTS Millennia Sdn. Bhd , 2006
Series:Siri bina diri
Subjects:

MARC

LEADER 00000cam a2200000 7i4500
001 0000100708
005 20070417.0
020 |a 9833603165 
090 0 0 |a 305.235   |b MOH 
100 0 |a Mohd Radziq Jalaludin 
245 1 0 |a Bagusnya remaja ini   |c Mohd Radziq Jalaludin 
260 |a Bentong :   |b PTS Millennia Sdn. Bhd ,   |c 2006 
300 |a 208 p. ;   |c 23cm. 
490 0 |a Siri bina diri 
650 0 0 |a Etiquette for children and teenagers 
650 0 0 |a Teenagers   |x Conduct of life 
650 0 0 |a Teenagers   |x Religious life   |x Islam 
999 |a 00192495   |b BUKU   |c PINJAMAN   |e PERPUSTAKAAN KOMUNITI PETALING JAYA 
999 |a 00201123   |b BUKU   |c PINJAMAN   |e PERPUSTAKAAN KOMUNITI PETALING JAYA